Problém slovenského školstva - sociálna segregácia
Výsledky porovnávacieho prieskumu OECD o úrovni vedomostí pätnásťročných žiakov úkázali, že vedomosti slovenských detí sú priemerné. Príčiny tohoto stavu : potreba obsahovej reformy výchovno-vzdelávacieho procesu, zastaraný spôsob vyučovania, problémy s výchovou učiteľov, ekonomické ukazovatele. So...
Gespeichert in:
| 1. Verfasser: | |
|---|---|
| Format: | Buchkapitel |
| Sprache: | Slowakisch |
| Schlagworte: | |
| Tags: |
Keine Tags, Fügen Sie das erste Tag hinzu!
|
MARC
| LEADER | 00000naa$a2200000$$$4500 | ||
|---|---|---|---|
| 001 | 0023197 | ||
| 005 | 20231004124823.9 | ||
| 041 | 0 | |a slo | |
| 044 | |a SK | ||
| 245 | 1 | 0 | |a Problém slovenského školstva - sociálna segregácia |c Mira Sojková |
| 520 | |a Výsledky porovnávacieho prieskumu OECD o úrovni vedomostí pätnásťročných žiakov úkázali, že vedomosti slovenských detí sú priemerné. Príčiny tohoto stavu : potreba obsahovej reformy výchovno-vzdelávacieho procesu, zastaraný spôsob vyučovania, problémy s výchovou učiteľov, ekonomické ukazovatele. Sociálna segregácia na školách. Výdavky na školstvo. Výkon žiaka a výdavky na žiaka. | ||
| 610 | 2 | 0 | |a školstvo |
| 610 | 2 | 0 | |a školy |
| 610 | 2 | 0 | |a prieskum sociologický |
| 610 | 2 | 0 | |a Slovensko |
| 610 | 2 | 0 | |a OECD |
| 610 | 2 | 0 | |a 2003 |
| 610 | 2 | 0 | |a efektívnosť vzdelávania |
| 610 | 2 | 0 | |a reformy školské |
| 610 | 2 | 0 | |a sústava výchovno-vzdelávacia |
| 610 | 2 | 0 | |a výkonnosť |
| 610 | 2 | 0 | |a učitelia |
| 610 | 2 | 0 | |a rodina |
| 610 | 2 | 0 | |a výdavky |
| 610 | 2 | 0 | |a vzdelanie |
| 100 | 1 | |a Sojková, Mira | |